000
00273nam a22001097a 4500
008
170105b xxu||||| |||| 00| 0 eng d
020
_a
0721632289
041
_a
eng
080
_2
2ND
_a
618.2
245
_a
CORE REVIEW FOR CRITICAL CARE NURSING
_c
ALSPACH, J.G
942
_2
udc
_c
BK
999
_c
2584
_d
2584